Statistics for Minecraft Default Skins by Picture

Click here to take the quiz!

General Stats

  • This quiz has been taken 27 times
  • The average score is 4 of 9

Answer Stats

Answer% Correct
Alex
100%
Steve
100%
Sunny
38%
Ari
31%
Efe
31%
Kai
31%
Makena
31%
Noor
31%
Zuri
31%

Score Distribution

Percentile by Number Answered

Percent of People with Each Score

Your Score History

You have not taken this quiz